000 00427nam a2200181Ia 4500
001 9096
005 20260306160658.0
008 260306t2005||||xx |||||||||||||| ||spa||
041 _aESP
082 _a372.623
_bA71
100 _aArgudín, Yolanda
_eAUT
245 0 _aAprende a pensar escribiendo bien
260 _c2005
300 _a238 páginas :
_c27 cm.
650 _aGEN
654 _aCED
942 _cLIB
_dJUS
_fJUS
_2ddc
_n
999 _c9096
_d9096